000 00549nam a2200193 a 4500
001 000025813
005 20200930024053.0
008 110222s1968 sp r 000 f spa d
040 _aDO-SdBNP
_bspa
_cBNPHU
082 _aNNN
_bA284c, 1968
100 1 _aAgustí, Ignacio,
_d1913-1974.
_938145
245 1 0 _aLa ceniza fué árbol :
_b19 de julio /
_cIgnacio Agustí.
250 _a5a ed.
260 _aBarcelona :
_bPlaneta,
_c1968.
300 _a629, [1] p. ;
_c22 cm.
490 1 _aómnibus
_v37
830 0 _aómnibus ;
_v37
_939417
049 _aBNGR
999 _c25305
_d25305